• 首页
  • 本馆介绍
  • 公告通知
  • 最新文献
  • 馆藏检索
  • 电子资源
  • 读者导购
  • 参考咨询
  • 我的图书馆
  • 登录
  • 详细信息显示
  • 放入我的书架
  • 预约/预借图书
  • 作者相关作品
  • 分类相关作品
  • 丛书相关作品
  • 出版社相关作品

书目信息

  • 表格格式
  • 工作单格式
  • 卡片格式
题名:
原则
    
 
作者: 王蒙 著
分册:  
出版信息: 北京   北京联合出版公司  2019
页数: 10,219页
开本: 21cm
丛书名:
单 册:
中图分类: B222.55
科图分类:
主题词: 儒家
电子资源:
ISBN: 978-7-5596-3495-5
000 00989nam0 2200313 450
001 010453113
005 20200115162843.0
010    @a978-7-5596-3495-5@b精装@dCNY48.00
049    @aO330100ZJX@bUCS01009739440
090    @aB222@bwm
096    @aB222@bwm
100    @a20191024d2019 em y0chiy0120 ea
101 0  @achi
102    @aCN@b110000
105    @ay z 000yy
106    @ar
200 1  @a原则@9yuan ze@b专著@e极简孟子@f王蒙著
210    @a北京@c北京联合出版公司@d2019
215    @a10,219页@d21cm
300    @a写给年轻人的中国智慧系列
330    @a本书包括:什么样的人生值得过;做人的根本原则;学习的独到方法;奋斗时,理性决策;得意时,戒骄戒躁;失意时,坚守如一;管理者要有大格局;社交要有自己的态度等内容。
517 1  @a极简孟子@9ji jian meng zi
605    @a《孟子》@x研究
606 0  @a儒家
690    @aB222.55@v5
701  0 @a王蒙@9wang meng@4著
801  2 @aCN@bOLCC@c20191006
801  0 @aCN@bBJXHZP@c20230228
905    @b1388813-6@dB222.55@e1077@f4
    
    原则:极简孟子/王蒙著.-北京:北京联合出版公司,2019
    10,219页;21cm
    写给年轻人的中国智慧系列
    
    ISBN 978-7-5596-3495-5(精装):CNY48.00
    本书包括:什么样的人生值得过;做人的根本原则;学习的独到方法;奋斗时,理性决策;得意时,戒骄戒躁;失意时,坚守如一;管理者要有大格局;社交要有自己的态度等内容。
●
相关链接 在E读中查询图书 在五车中查询图书 在当当中查询图书 在豆瓣中查询图书


正题名:原则     索取号:B222.55/1077         预约/预借

序号 登录号 条形码 馆藏地/架位号 状态 备注
1 1388813   213888131   第一样本阅览室/ [索取号:B222.55/1077] 在馆    
2 1388814   213888140   第一借阅区/ [索取号:B222.55/1077] 在馆    
3 1388815   213888159   第一借阅区/ [索取号:B222.55/1077] 在馆    
4 1388816   213888168   第一借阅区/ [索取号:B222.55/1077] 在馆    
唐山师范学院图书馆 欢迎您!
大连网信软件有限公司© 版权所有